|
|
|
|
| LEADER |
00000nab a2200000 a 4500 |
| 001 |
vtls000667990 |
| 003 |
SK-MaSNL |
| 005 |
20260303172706.0 |
| 008 |
040806c1997 xo 0 slo |
| 015 |
|
|
|a SNBRA1998/07-19121
|
| 035 |
|
|
|a CLN000020171
|
| 040 |
|
|
|a SNKBUCL
|b slo
|c SNKBUCL
|e AACR2
|
| 041 |
0 |
|
|a slo
|
| 044 |
|
|
|a xo
|c SK
|
| 080 |
|
|
|a 929.6(437.6):354.31
|2 UDC-MRF-SK2
|
| 080 |
|
|
|a 354.31(437.6):929.6
|2 UDC-MRF-SK2
|
| 100 |
1 |
|
|a Vrtel, Ladislav,
|d 1953-
|4 aut
|9 209488
|
| 245 |
1 |
0 |
|a Heraldická komisia Ministerstva vnútra Slovenskej republiky
|c Ladislav Vrteľ
|
| 300 |
|
|
|b Obr.
|
| 504 |
|
|
|a Res. angl.
|
| 610 |
1 |
7 |
|a Slovensko.
|b Ministerstvo vnútra
|2 snkbucl
|9 158971
|
| 650 |
0 |
7 |
|a heraldika komunálna
|z Slovensko
|2 snkbucl
|9 1198363
|
| 655 |
|
7 |
|a články zo zborníkov
|2 snkbucl
|9 166140
|
| 773 |
0 |
|
|w SK01SNK19970252777
|z 8096770942
|t Heraldika na Slovensku
|d Martin : Slovenská genealogicko-heraldická spoločnosť pri Matici slovenskej, 1997
|g S. 36-41
|
| 850 |
|
|
|a Slovenská národná knižnica v Martine
|
| 852 |
|
|
|a SNK
|b KIS3GCP
|
| 999 |
|
|
|c 2087913
|d 2089843
|